Commercial law: cases and materials

Enregistré dans:
Détails bibliographiques
Auteur principal: Corman, Calvin W (Auteur)
Format: Livre
Langue:anglais
Publié: Boston Little, Brown 1983
Édition:2a. ed
Sujets:
Tags: Ajouter un tag
Pas de tags, Soyez le premier à ajouter un tag!

MARC

LEADER 00000nam a2200000 a 4500
001 UCV0846
003 CL-VaPUC
008 890516e19830000US |||||||||||||||||eng|d
082 0 4 |a 340.08  |b COR  |2 21 
100 0 |a Corman, Calvin W  |e author  |9 295172 
245 1 0 |a Commercial law: cases and materials 
250 |a 2a. ed 
300 |a 857 p 
942 |c BK 
945 |d 19890516 00:00:00 
260 |a Boston  |b Little, Brown  |c 1983 
650 7 |a JURISPRUDENCIA MERCANTIL  |2 CL-VaPUC  |9 255548 
651 0 |a Estados Unidos  |9 255178 
583 |a last modification  |c 19890516 00:00:00  |k Rodrigo Vera 
999 |c 209040  |d 209038 
952 |0 0  |1 0  |4 0  |6 340_080000000000000_COR_1983  |7 0  |8 A  |9 184143  |a BIBDER  |b BIBDER  |d 2019-11-14  |i 2513021  |o 340.08 COR 1983  |p 2513021  |r 2023-01-25  |w 2019-11-14  |y BK  |k DER